Statistics for Star Wars: Characters Appearing in A Final Scene

Click here to take the quiz!

General Stats

  • This quiz has been taken 31 times
  • The average score is 31 of 35

Answer Stats

% Correct
Star Wars Episode VI: Return of the JediHan Solo
100%
Star Wars Episode IV: A New HopeHan Solo
100%
Star Wars Episode VII: The Force AwakensLuke Skywalker
100%
Star Wars Episode VI: Return of the JediLuke Skywalker
100%
Star Wars Episode V: Empire Strikes BackLuke Skywalker
100%
Star Wars Episode IV: A New HopeLuke Skywalker
100%
Star Wars Episode III: Revenge of the SithLuke Skywalker
100%
Star Wars Episode VI: Return of the JediC-3PO
96%
Star Wars Episode IV: A New HopeC-3PO
96%
Star Wars Episode II: Attack of the ClonesC-3PO
96%
Star Wars Episode V: Empire Strikes BackC-3PO
96%
Rogue One: A Star Wars StoryLeia Organa
96%
Star Wars Episode IV: A New HopeLeia Organa
96%
Star Wars Episode V: Empire Strikes BackLeia Organa
96%
Star Wars Episode VI: Return of the JediLeia Organa
96%
Star Wars Episode I: The Phantom MenaceObi-Wan Kenobi
96%
Star Wars Episode II: Attack of the ClonesR2-D2
96%
Star Wars Episode V: Empire Strikes BackR2-D2
96%
Star Wars Episode I: The Phantom MenaceR2-D2
96%
Star Wars Episode VI: Return of the JediR2-D2
96%
Star Wars Episode IV: A New HopeR2-D2
96%
Star Wars Episode I: The Phantom MenaceAnakin Skywalker
92%
Star Wars Episode II: Attack of the ClonesAnakin Skywalker
92%
Star Wars Episode VI: Return of the JediChewbacca
92%
Star Wars Episode IV: A New HopeChewbacca
92%
Star Wars Episode II: Attack of the ClonesPadmé Amidala
88%
Star Wars Episode I: The Phantom MenacePadmé Amidala
88%
Star Wars Episode VII: The Force AwakensRey
88%
Star Wars Episode I: The Phantom MenaceJar-Jar Binks
83%
Star Wars Episode III: Revenge of the SithOwen Lars
79%
Star Wars Episode III: Revenge of the SithBeru Lars
75%
Star Wars Episode VI: Return of the JediLando Calrissian
71%
Star Wars Episode I: The Phantom MenaceSheev Palpatine
67%
Star Wars Episode I: The Phantom MenaceBoss Nass
54%
Star Wars Episode I: The Phantom MenaceCaptain Panaka
38%

Score Distribution

Percentile by Number Answered

Percent of People with Each Score

Your Score History

You have not taken this quiz